01464nam a22002777a 4500003000400000005001700004008004100021040002200062082001500084130001600099245004200115260005400157300001900211366000800230490002400238505001700262505008800279505027100367505019800638505010700836650004600943650006000989650005101049650005001100700003601150OSt20230608075901.0221006b |||||||| |||| 00| 0 eng d cBiblioteca Lado V a105bP919p aPraxislspa aPraxis/bDepartamento de Filosofía/ aUniversidad Nacional Costa Ricac2005bCosta Rica c17x24cma178p. espa a57v2005x1409 3090 tPresentacion tFilosofiaaEstética de la armonía en Platon Técnica y humanismo en Heidegger tAntropología, Cultura, Sociolingüística aLa estructura cultural indígena en Talamanca Migración, aculturamiento y sustitución lingüística entre la comunidad criolla de Costa Rica Espacio y tiempo en las sociedades globales según Manuel Castells  tHistoriaaRitos escolares y símbolos nacionales en la fiesta de la independencia de C.R. La moral sin religión. El descreimiento en el San Jose de 1904 y un texto de 1906 de Roberto Brenes tGeneroaRosa: un caso legitima resistencia a la discriminacion de genero en la Nicaragua del siglo XXI 2Tesauro de Arte & ArquitecturaaFILOSOFIA 2Tesauro de Arte & ArquitecturaaEDUCACION UNIVERSITARIA 2Tesauro de Arte & ArquitecturaaGLOBALIZACION  2Tesauro de Arte & ArquitecturaaINVESTIGACION aNavarreta, Jose Antonioeeditor